00902nam a2200253 i 450000100060000000300090000600500170001500700030003200800410003502000180007608000210009408000140011524501870012925000120031626000480032830000220037665000500039865000240044870000440047270000300051670000400054671000290058685200330061513302ES-MaACL20230906150537.0t|980127s1997 sp ||||1| spa d a84-8198-205-9 a342.53(4-672 CE) a342.53(4)04aLos parlamentos de Europa y el Parlamento Europeo / cJosé María Gil-Robles Gil-Delgado (dir) ; Enrique Arnaldo Alcubilla (coord.) ; Isabel María Abellán Matesanz...[et al.]. a1ª ed. aMadrid : bPartido Popular Europeo, c1997. a324 p. ; c25 cm.14aParlamentos-zPaíses de la Unión Europea.14aParlamento Europeo.1 aGil-Robles Gil-Delgado, José María.1 aArnaldo Cubilla, Enrique.1 aAbellán Matesanz, Isabel María,2 aPartido Popular Europeo. aES-MaACLjL-20603 bR.126330